00999cam a22002411 4500001001300000003000400013005001700017008004100034010001700075025001900092035002000111040001800131042001200149050002000161110004500181245023500226260001900461300001800480500001700498650003100515740019400546999001700740sa 66001875 DLC20260227112225.0861103s1964 ii 000 0 eng  asa 66001875  aPL480:I-E-4157 a(OCoLC)14628492 aDLCcWaUdDLC apremarc00aHE1783.I4bA4921 aIndia (Republic).bRailway Inspectorate.10aRailway accidents;breport on following collision between no. B. 12 up and no. M. 22 up local suburban trains between Wadala and Sewri stations on the Harbour Branch electrified section of the Central Railway on the 2nd June 1957. a[Delhi,c1964] a16 p.c34 cm. aCover title. 0aRailroad accidentszIndia.0 aReport on following collision between no. B. 12 up and no. M. 22 up local suburban trains between Wadala and Sewri stations on the Harbour Branch electrified section of the Central Railway. c68040d68040